000 01655cam a2200325 a 4500
001 2022
003 FISKH
005 20231120150556.0
008 120907s2013 ctua j b 001 0 eng
010 _a 2012036048
020 _a9780531255223 (library binding)
020 _a9780531239223 (pbk.)
040 _aDLC
_cDLC
_dDLC
_beng
042 _apcc
050 0 0 _aHV6773.15.C92
_bR33 2013
082 0 0 _a302.34/302854678
_223
100 1 _aRaatma, Lucia.
245 1 0 _aCyberbullying /
_cLucia Raatma.
260 _aNew York :
_bScholastic,
_c2013.
300 _a48 pages :
_bcolor illustrations ;
_c22 cm
490 0 _aA true book
505 _aS
520 _aSometimes the most difficult skills to learn are the basic ones that help us stay healthy and safe. With this new True Book series, readers will discover how to think critically about some of the everyday decisions they will face throughout their lives, from dealing with bullies to choosing a healthy diet. Key Features: Compelling questions encourage readers to think about how these principles apply to their lives Glossaries provide definitions of important vocabulary words Exciting photos complement the text and hook the reader's interest Sidebars and timelines illustrate how these issues affect people in different ways Additional content for further learning on this subject available at www.factsfornow.scholastic.com
521 8 _a790
_bLexile
521 8 _aS
_bRaz-Plus
650 0 _aCyberbullying
_vJuvenile literature.
650 0 _aCyberbullying
_xPrevention
_vJuvenile literature.
906 _a7
_bcbc
_corignew
_d1
_eecip
_f20
_gy-gencatlg
942 _2ddc
_cBK
_n0
999 _c2022
_d2022